000 00464nam a22001812 4500
001 0000005622
005 20151217160109.0
008 070620s xx 000 0 eng d
040 _aKABU
_cKABU
050 0 _aPZ8.1
_b.M8W44
100 1 _aMuluka, Barrack O.
_@0000152244
245 1 0 _aWhen ogres lived.
260 _aNairobi :
_bEAEP,
_c1997.
300 _a31 p.
908 _a070620
950 _@1
999 _c14190
_d14190